Представление документа в формате RUSMARC

ПолеНазваниеЗначение
  Тип записи i
  Библиографический уровень m
001 Контрольный номер RU/IS/BASE/327154083
005 Дата корректировки 20201206204726.0
010 Индекс ISBN __
d Цена 350-00
101 Язык документа __
a Язык текста rus
c Язык оригинала rus
200 Заглавие и сведения об ответственности 1_
a Заглавие Без вины виноватые
e Сведения, относящиеся к заглавию радиоспектакль с участием Вячеслава Невинного, Олега Стриженова и др. : [радиокомпозиция спектакля МХАт им. Горького ]
f Первые сведения об ответственности А. Н. Островский
b Общее обозначение материала Звукозапись
210 Выходные данные __
a Место издания М.
c Издательство ЭКСМО-Сидиком
d Дата издания 2008
215 Физическое описание __
a Объем 1 электрон. опт. диск (Audio CD) (2 ч. 08 мин.)
300 Общие примечания __
a Общие примечания AudioCD ; mp3 ; 320 кБит/сек ; 44.1 кГц
a Общие примечания Запись 1973 г.
323 Примечание о главных создателях, исполнителях, участниках __
a Примечание о главных создателях, исполнителях, участниках Тарасова, А. (Кручинина)
a Примечание о главных создателях, исполнителях, участниках Массальский, П. (Муров)
a Примечание о главных создателях, исполнителях, участниках Губанов, Л. (Дудукин)
a Примечание о главных создателях, исполнителях, участниках Стриженов, О. (Незнамов)
a Примечание о главных создателях, исполнителях, участниках Невинный, В. (Шмага)
a Примечание о главных создателях, исполнителях, участниках Андреева, А. (Коринкина)
a Примечание о главных создателях, исполнителях, участниках Градополов, К. (Миловзоров)
a Примечание о главных создателях, исполнителях, участниках Гузырева, В. (Галчиха)
a Примечание о главных создателях, исполнителях, участниках Забродина, Т. (Шелавина)
a Примечание о главных создателях, исполнителях, участниках Шутов, Д. (Иван, лакей)
330 Аннотация __
a Аннотация Елена Кручинина, знаменитая актриса, приехав в город, неожиданно узнает, что ее сын, которого она много лет считала умершим, жив, - но о его судьбе ничего не известно.
606 Тематические рубрики __
a Основная рубрика Музыка и зрелищные искусства
606 Тематические рубрики __
a Основная рубрика Художественное радиовещание
610 Ключевые слова __
a Ключевые слова радиоспектакли; радиопостановки; пьесы; драматические произведения; тема семьи; тема женщины; тема любви; тема материнства; тема детей; тема взаимоотношений; тема провинции; радиокомпозиции; русский театр
686 Индексы других классификаций __
a Классификационный индекс 85.38я04; ст85.38я04
700 Автор _1
a Фамилия Островский
b Имя А. Н.
g Полное личное имя Александр Николаевич
4 Код отношения 070
801 Источник записи _0
a Страна RU
b Организация Муниципальное бюджетное учреждение культуры "Централизованная библиотечная система" г. Сургут (Центральная городская библиотека им. А. С. Пушкина)
g Правила каталогизации КиК/Поспелова
801 Источник записи _1
a Страна RU
b Организация Муниципальное бюджетное учреждение культуры "Централизованная библиотечная система" г. Сургут (Центральная городская библиотека им. А. С. Пушкина)
g Правила каталогизации КиК/Поспелова
852 Данные о местонахождении __
j Шифр хранения 85.38я04
c Каталожный индекс 85.38я04
i Авторский знак О-77
901 Тип документа __
t Тип документа 0
903 Характеристики (МАРС) __
a Дата передачи 20100517
969 Тип издания __
a Тип издания аудиоспектакль; аудиокнига
990 Данные о заказе (DOS) __
j Количество экземпляров (DOS) 5
h N записи в КСУ для Б/У (DOS) 201006